000 00338nam a2200121Ia 4500
008 240731s9999 xx 000 0 und d
022 _a1748-6033
245 0 _aGeomechanics and Geoengineering : An International Journal
260 _bTaylor & Francis
856 _uhttps://www.tandfonline.com/loi/tgeo20
942 _2ddc
942 _cTFEJ
999 _c76723
_d76723
945 _a1
_bMadushi Gamage
_c1
_dMadushi Gamage